书目信息 |
| 题名: |
线性模型
|
|
| 作者: | C.R.Rao 著 | |
| 分册: | ||
| 出版信息: | 北京 世界图书出版公司 1998 |
|
| 页数: | 352页 | |
| 开本: | 20cm | |
| 丛书名: | ||
| 单 册: | ||
| 中图分类: | S141.4 | |
| 科图分类: | ||
| 主题词: | 肥料学 | |
| 电子资源: | ||
| ISBN: | 7-5062-3818-7 | |
| 000 | 00482nam0 2200181 450 | |
| 001 | 0732828906 | |
| 005 | 20070903090708.90 | |
| 010 | @a7-5062-3818-7@d¥56.00 | |
| 100 | @a20070903d km y0chiy0120 ea | |
| 101 | 0 | @achi |
| 200 | 1 | @a线性模型@Axian xing mo xing@fC.R.Rao著@FC.R.Rao zhu |
| 210 | @a北京@c世界图书出版公司@d1998 | |
| 215 | @a352页@d20cm | |
| 606 | 0 | @a肥料学 |
| 690 | @aS141.4@v3 | |
| 701 | 0 | @aC.R.Rao@4著 |
| 801 | 0 | @aCN@bPFT@c20070903 |
| 905 | @a213230@dS141.4@eS23@f1 | |
| 线性模型/C.R.Rao著.-北京:世界图书出版公司,1998 |
| 352页;20cm |
| ISBN 7-5062-3818-7:¥56.00 |
| ● |
| 相关链接 |
|
|
|
|
正题名:线性模型
索取号:S141.4/S23
 
预约/预借
| 序号 | 登录号 | 条形码 | 馆藏地/架位号 | 状态 | 备注 |
| 1 | 6704305 | 267043059 | 密集书库-数信学院/ [索取号:S141.4/S23] | 在馆 | |
| 2 | 6704324 | 267043246 | 密集书库-数信学院/ [索取号:S141.4/S23] | 在馆 |